Psicología social de las organizaciones /

Guardado en:
Autor Principal: Katz, Daniel, 1903-1998.
Otros Autores: Kahn, Robert Louis, 1918-
Formato: Libro
Idioma:Spanish
English
Publicado: México : Editorial Trillas, 1997, c1977.
Edición:2a. ed.
Series:Biblioteca de ciencias de la administración.
Materias:
Etiquetas: Agregar Etiqueta
Sin Etiquetas, Sea el primero en etiquetar este registro!
LEADER 01167nam a22003255a 4500
001 EAD.ead001029
008 920725t19971977mex######b######1###spa##
005 20191203121156.0
245 1 0 |a Psicología social de las organizaciones /  |c Daniel Katz, Robert L. Kahn. 
250 |a 2a. ed. 
260 |a México :  |b Editorial Trillas,  |c 1997, c1977. 
300 |a 547 p. ;  |c 23 cm. 
490 0 |a Biblioteca de ciencias de la administración 
500 |a Traducción de: The social psychology of organizations. 
504 |a Incluye referencias bibliográficas (p. 519-535) e índice. 
020 |a 9682432286 
100 1 0 |a Katz, Daniel,  |d 1903-1998. 
700 1 0 |a Kahn, Robert Louis,  |d 1918- 
830 0 |a Biblioteca de ciencias de la administración. 
080 |a 301.15 
080 |a 65.01 
082 0 4 |a 158.7  |2 21 
650 7 |a Psicología social.  |2 unbist 
650 7 |a Liderazgo.  |2 unbist 
650 7 |a Cambio organizacional.  |2 unbist 
010 |z IND9200469702 
040 |a M-BN  |b spa  |c A2 
041 1 |a spa  |h eng 
859 |a AR-BaBDC  |b BIB. ADMINISTRACION - Libros  |h 158.7  |i K159a2  |p b03658 
859 |a AR-BaBDC  |b BIB. ADMINISTRACION - Libros  |h 158.7  |i K159a2  |p b03823  |t Ej.2